<?xml version="1.0" encoding="UTF-8"?>
<record
    xmlns:xsi="http://www.w3.org/2001/XMLSchema-instance"
    xsi:schemaLocation="http://www.loc.gov/MARC21/slim http://www.loc.gov/standards/marcxml/schema/MARC21slim.xsd"
    xmlns="http://www.loc.gov/MARC21/slim">

  <leader>03933nam a2200553Ia 4500</leader>
  <controlfield tag="001">2002</controlfield>
  <controlfield tag="008">241029s9999    xx            000 0 und d</controlfield>
  <datafield tag="010" ind1=" " ind2=" ">
    <subfield code="a">1877</subfield>
  </datafield>
  <datafield tag="041" ind1=" " ind2=" ">
    <subfield code="a">Espa&#xF1;ol</subfield>
  </datafield>
  <datafield tag="082" ind1=" " ind2=" ">
    <subfield code="a">ST MA-TE 0005 FH 2007</subfield>
  </datafield>
  <datafield tag="245" ind1=" " ind2="0">
    <subfield code="a">El liderazgo del/la director(a) de los centros educativos de la Tanda Nocturna del Nivel Medio correspondientes al Distrito 15-05 frente a la escuela y la comunidad (2006-2007).</subfield>
  </datafield>
  <datafield tag="260" ind1=" " ind2=" ">
    <subfield code="a">Santo Domingo</subfield>
  </datafield>
  <datafield tag="300" ind1=" " ind2=" ">
    <subfield code="a">124</subfield>
  </datafield>
  <datafield tag="520" ind1=" " ind2=" ">
    <subfield code="a">1</subfield>
  </datafield>
  <datafield tag="630" ind1=" " ind2=" ">
    <subfield code="a">Directores de Centro</subfield>
  </datafield>
  <datafield tag="630" ind1=" " ind2=" ">
    <subfield code="a">Liderazgo</subfield>
  </datafield>
  <datafield tag="630" ind1=" " ind2=" ">
    <subfield code="a">Nivel Medio</subfield>
  </datafield>
  <datafield tag="650" ind1=" " ind2=" ">
    <subfield code="a">Competencias Educativas</subfield>
  </datafield>
  <datafield tag="690" ind1=" " ind2=" ">
    <subfield code="a">Elaborado</subfield>
  </datafield>
  <datafield tag="700" ind1=" " ind2=" ">
    <subfield code="e">asesor</subfield>
    <subfield code="a">Aguasvivas, Rafael</subfield>
  </datafield>
  <datafield tag="700" ind1=" " ind2=" ">
    <subfield code="e">autor</subfield>
    <subfield code="a">Marte M., Eduardo Julio</subfield>
  </datafield>
  <datafield tag="700" ind1=" " ind2=" ">
    <subfield code="e">autor</subfield>
    <subfield code="a">P&#xE9;rez, Mairen&#xED; M.</subfield>
  </datafield>
  <datafield tag="901" ind1=" " ind2=" ">
    <subfield code="a">{"1":"Marte M.","2":"P&#xE9;rez"}</subfield>
    <subfield code="b">{"1":"Eduardo Julio","2":"Mairen&#xED; M."}</subfield>
  </datafield>
  <datafield tag="902" ind1=" " ind2=" ">
    <subfield code="a">1</subfield>
  </datafield>
  <datafield tag="903" ind1=" " ind2=" ">
    <subfield code="a">{"1":"Aguasvivas"}</subfield>
    <subfield code="b">{"1":"Rafael"}</subfield>
  </datafield>
  <datafield tag="904" ind1=" " ind2=" ">
    <subfield code="a">Maestr&#xED;a en</subfield>
  </datafield>
  <datafield tag="905" ind1=" " ind2=" ">
    <subfield code="a">Tecnolog&#xED;a Educativa</subfield>
  </datafield>
  <datafield tag="906" ind1=" " ind2=" ">
    <subfield code="a">2</subfield>
  </datafield>
  <datafield tag="907" ind1=" " ind2=" ">
    <subfield code="a">NO APLICA</subfield>
  </datafield>
  <datafield tag="908" ind1=" " ind2=" ">
    <subfield code="a">NO APLICA</subfield>
  </datafield>
  <datafield tag="909" ind1=" " ind2=" ">
    <subfield code="a">Universidad Aut&#xF3;noma de Santo Domingo (UASD)</subfield>
  </datafield>
  <datafield tag="910" ind1=" " ind2=" ">
    <subfield code="a">NULL</subfield>
    <subfield code="b">NULL</subfield>
  </datafield>
  <datafield tag="911" ind1=" " ind2=" ">
    <subfield code="a">["1"]</subfield>
  </datafield>
  <datafield tag="912" ind1=" " ind2=" ">
    <subfield code="a">NO APLICA</subfield>
  </datafield>
  <datafield tag="913" ind1=" " ind2=" ">
    <subfield code="a">NULL</subfield>
  </datafield>
  <datafield tag="914" ind1=" " ind2=" ">
    <subfield code="a">08 de Enero de 2007</subfield>
  </datafield>
  <datafield tag="915" ind1=" " ind2=" ">
    <subfield code="a">08/12/19 09:12</subfield>
  </datafield>
  <datafield tag="916" ind1=" " ind2=" ">
    <subfield code="a">NULL</subfield>
  </datafield>
  <datafield tag="917" ind1=" " ind2=" ">
    <subfield code="a">NULL</subfield>
  </datafield>
  <datafield tag="918" ind1=" " ind2=" ">
    <subfield code="a">NO APLICA</subfield>
  </datafield>
  <datafield tag="919" ind1=" " ind2=" ">
    <subfield code="a">["203","131","240"]</subfield>
  </datafield>
  <datafield tag="520" ind1=" " ind2=" ">
    <subfield code="a">Los objetivos en los que se centr&#xF3; principalmente la investigaci&#xF3;n fueron: conocer el rol de los directores de los centros educativos, as&#xED; como su liderazgo en sus escuelas y la comunidad donde funcionan esos Centros y analizar las caracter&#xED;sticas o perfil del/la director(a) de los centros educativos, en su formaci&#xF3;n profesional en el &#xE1;rea de Educaci&#xF3;n, caracter&#xED;sticas personales como son las habilidades para tratar con personas, sentido de justicia y equidad, respeto a la opini&#xF3;n ajena, capacidad para tomar decisiones y aptitud intelectual.Los m&#xE9;todos empleados para la realizaci&#xF3;n de la misma fueron el hist&#xF3;rico, anal&#xED;tico y descriptivo. El universo estuvo constituido por los directores de los Centros Educativos del Nivel Medio, correspondientes al Distrito Educativo 15-05, Santo Domingo Oeste, los cuales son siete (7) en total. Los estudiantes constituyen una matr&#xED;cula total de tres mil cuatrocientos veinte (3,420); los profesores un total de noventa y seis (96).La selecci&#xF3;n empleada para la muestra fue la siguiente: para los directores, la selecci&#xF3;n muestral fue de cincuenta y seis (56), lo que representa el 58.33%. En tanto que para los estudiantes, el valor muestral fue de cuatrocientos ochenta y dos (482), equivalente a un 14.1%.Tras la realizaci&#xF3;n de la investigaci&#xF3;n se formularon conclusiones entre las que se destaca: que en las diferentes teor&#xED;as consultadas se encontr&#xF3; que el rol del director requiere de mucha preparaci&#xF3;n del mismo, as&#xED; como de un fuerte liderazgo para enfrentar la multiplicidad de funciones. Los directores, en su mayor porcentaje, cumplen con el rol para el cual fueron designados y gozan de cierto nivel de liderazgo frente a la comunidad estudiantil.El estudio recomienda: a los directivos de estos centros educativos: dise&#xF1;ar estrategias de acercamiento a su comunidad, mantener la actualizaci&#xF3;n profesional de manera sistem&#xE1;tica, seguir creando ambientes de trabajo, de unidad y armon&#xED;a en cooperaci&#xF3;n con todo el personal bajo su direcci&#xF3;n y proyectar una imagen de liderazgo y de respeto dentro de la escuela y que la misma trascienda a toda la comunidad escolar.Al Ministerio de Educaci&#xF3;n: que los directores de escuelas sean seleccionados, tomando en cuenta, en primer lugar, su preparaci&#xF3;n acad&#xE9;mica y su experiencia en las aulas, y dise&#xF1;ar un plan de acci&#xF3;n encaminado a fortalecer el conocimiento de los directores.</subfield>
  </datafield>
  <datafield tag="921" ind1=" " ind2=" ">
    <subfield code="a">16</subfield>
  </datafield>
  <datafield tag="922" ind1=" " ind2=" ">
    <subfield code="a">16</subfield>
  </datafield>
  <datafield tag="923" ind1=" " ind2=" ">
    <subfield code="a">0</subfield>
  </datafield>
  <datafield tag="924" ind1=" " ind2=" ">
    <subfield code="a">NO APLICA</subfield>
  </datafield>
  <datafield tag="942" ind1=" " ind2=" ">
    <subfield code="c">Tesis</subfield>
  </datafield>
  <datafield tag="999" ind1=" " ind2=" ">
    <subfield code="c">1877</subfield>
    <subfield code="d">1877</subfield>
  </datafield>
</record>
